000 00349nam a2200157Ia 4500
003 OSt
005 20240306162620.0
008 170523s9999 xx 000 0 und d
020 _a978-0070435780
040 _ciimtu meerut
100 _aTRIVEDI- ML
245 0 _aMANAGERIAL ECONOMIC
260 _bMC GRAW HILL
260 _c2002
942 _2ddc
_c02
999 _c1067
_d1067